| 000 | 00992nam a2200253 i 4500 | ||
|---|---|---|---|
| 001 | 181347 | ||
| 003 | ES-MaACL | ||
| 005 | 20240924103443.0 | ||
| 008 | 121213s2011 fr |||| | spa d | ||
| 020 | _a9782915807707 | ||
| 100 | 1 |
_aRamírez Muro, Verónica. _9151961 |
|
| 245 | 1 | 0 |
_aMadrid insólita y secreta / _cVerónica Ramírez Muro ; con la colaboración especial de Natalia Pianzola ; fotos: Manuel Vázquez. |
| 260 |
_a[S.l.] : _bJonglez, _c[2011] |
||
| 300 |
_a255 p. : _bil. ; _c19 cm. |
||
| 500 | _aFoto de la cubierta: Sala Pecera de la Biblioteca del Ateneo de Madrid. | ||
| 651 | 4 |
_aMadrid- _vGuías turísticas. _98962 |
|
| 700 | 1 |
_aPianzola, Natalia. _9151962 |
|
| 700 | 1 |
_aVázquez, Manuel. _9151963 |
|
| 852 |
_aES-MaACL _jN-5406 _cSPD2 _9188231 _zFalta en Biblioteca |
||
| 852 |
_aES-MaACL _9203154 _jN-8923 _cDEPOJ _hDonación: Editorial _bR.153577 |
||
| 942 |
_2udc _n0 _cMONOGRAFIA |
||
| 999 |
_c181347 _d181347 |
||